COVID-19 guide to surveying services: Inspections and visits for non-domestic properties during COVID-19 (Record no. 121358)

MARC details
000 -LEADER
fixed length control field 01044nam a22002057a 4500
008 - FIXED-LENGTH DATA ELEMENTS--GENERAL INFORMATION
fixed length control field 230206s2020 xxk|||||o|||| 00| 0 eng d
041 ## - LANGUAGE CODE
Language code of text/sound track or separate title eng
110 ## - MAIN ENTRY--CORPORATE NAME
Corporate author Royal Institution of Chartered Surveyors
245 ## - TITLE STATEMENT
Title COVID-19 guide to surveying services: Inspections and visits for non-domestic properties during COVID-19
Statement of responsibility, etc [Scotland]
Subtitle [withdrawn]
Medium [Electronic resource]
260 ## - PUBLICATION INFORMATION
Place of publication London,
Publisher Royal Institution of Chartered Surveyors,
Date November 2020
300 ## - PHYSICAL DESCRIPTION
Physical description 10p.
520 ## - ABSTRACT
Abstract The purpose of this guidance is to enable RICS professionals and RICS regulated firms to deliver services to clients safely, consistently and in line with Scottish government guidelines.
650 ## - KEYWORDS
Keywords COVID
651 ## - SUBJECT ADDED ENTRY--GEOGRAPHIC NAME
Geographic name Scotland
690 ## - BROAD SUBJECT
9 (RLIN) 6225
Broad subject Building surveying
690 ## - BROAD SUBJECT
9 (RLIN) 6244
Broad subject Health and safety
710 ## - ADDED CORPORATE NAME
Added corporate author Royal Institution of Chartered Surveyors
856 ## - ONLINE RESOURCE
Uniform Resource Identifier <a href="https://www.isurv.com/downloads/file/7878/beyond_covid-19_inspections_and_visits_for_non-domestic_properties_scotland">https://www.isurv.com/downloads/file/7878/beyond_covid-19_inspections_and_visits_for_non-domestic_properties_scotland</a>
Public note Archived on isurv (subscription required)
942 ## - ADDED ENTRY ELEMENTS (KOHA)
Suppress in OPAC Do not suppress in OPAC
Holdings
Lost status Source of classification or shelving scheme Damaged status Not for loan Current library Shelving location Date acquired Total Checkouts Full call number Date last seen Price effective from Koha item type
  Dewey Decimal Classification     Virtual Online 06/02/2023   isurv 06/02/2023 06/02/2023 Online material